[Event "It \"]
[Site "Ottawa (Canada)"]
[Date "2007.07.10"]
[Round "5"]
[White "Short Nigel D (ENG)"]
[Black "Tiviakov Sergei (NED)"]
[Result "1/2-1/2"]
[WhiteElo "2683"]
[BlackElo "2648"]
[PlyCount "63"]
[EventDate "2007.??.??"]
[Source "www.chesslib.no"]
[SourceDate "2004.05.04"]

1. g3 Nf6 2. Bg2 d5 3. Nf3 e6 4. O-O Be7 5. d3 b6 6. e4 dxe4 7. dxe4 Qxd1 8. Rxd1 Bb7 9. e5 Nfd7 10. Nc3 a6 11. Bf4 h6 12. h4 Nc6 13. Nd4 Nd8 14. Bxb7 Nxb7 15. Nc6 Nd8 16. Nxd8 Rxd8 17. Ne4 Nc5 18. Rxd8+ Kxd8 19. Rd1+ Kc8 20. Nxc5 Bxc5 21. Kg2 Rd8 22. Rxd8+ Kxd8 23. h5 Kd7 24. Bc1 Kc6 25. f4 Kd5 26. Kf3 g6 27. g4 gxh5 28. gxh5 Bf8 29. b3 b5 30. Ke3 c5 31. a4 Be7 32. axb5 1/2-1/2

[Event "II Campionato Italiano Lampo Online"]
[Site "playchess.com"]
[Date "2007.12.23"]
[Round "1.3"]
[White "Brunello, Sabino"]
[Black "Vocaturo, Daniele"]
[Result "1-0"]
[WhiteElo "2709"]
[BlackElo "2619"]
[PlyCount "127"]
[EventDate "2007.12.23"]
[Source "www.chesslib.no"]
[SourceDate "2004.05.04"]

1. d3 Nf6 2. g3 g6 3. Bg2 Bg7 4. Nf3 O-O 5. O-O d5 6. Nbd2 d4 7. Re1 c5 8. Nb3 Nbd7 9. Bd2 Rb8 10. c3 dxc3 11. Bxc3 b6 12. Rc1 Bb7 13. Qd2 a5 14. Na1 Bc8 15. Nc2 Bb7 16. e4 e6 17. Ne3 Rc8 18. Rcd1 Qe7 19. h3 Rfd8 20. Qc2 c4 21. Nxc4 Nxe4 22. Bxg7 Kxg7 23. dxe4 b5 24. Qc3+ Kg8 25. Qxa5 bxc4 26. Qb5 Nf6 27. Rxd8+ Rxd8 28. Qxc4 Qd7 29. e5 Ne8 30. h4 Ng7 31. Ng5 Bxg2 32. Kxg2 Qd2 33. Re2 Qa5 34. Qf4 Qa7 35. Ne4 Nh5 36. Nf6+ Nxf6 37. exf6 Qc5 38. Qh6 Qf8 39. Qxf8+ Kxf8 40. b4 Ra8 41. Rb2 Ke8 42. b5 Kd8 43. b6 Rb8 44. a4 Kc8 45. a5 Kb7 46. Kf3 Rc8 47. a6+ Kxa6 48. b7 Rb8 49. Kf4 Rxb7 50. Rxb7 Kxb7 51. Kg5 Kc6 52. Kh6 Kd7 53. Kxh7 e5 54. Kg7 Ke6 55. g4 e4 56. h5 gxh5 57. gxh5 Kf5 58. h6 Kf4 59. h7 Kf3 60. h8=Q Kxf2 61. Qh4+ Kf3 62. Kxf7 e3 63. Kg6 e2 64. Qe1 1-0

[Event "NED-ch op 5'"]
[Site "?"]
[Date "2002.02.15"]
[Round "?"]
[White "Vaganian Rafael Agred"]
[Black "Sokolov Ivan"]
[Result "0-1"]
[WhiteElo "2660"]
[BlackElo "2655"]
[PlyCount "52"]
[EventDate "2002.??.??"]
[Source "www.chesslib.no"]
[SourceDate "2004.05.04"]

1. Nf3 d5 2. g3 c6 3. Bg2 Bg4 4. O-O Nd7 5. d3 e5 6. e4 dxe4 7. dxe4 Ngf6 8. h3 Bh5 9. Qe1 Bc5 10. b4 Bb6 11. Bb2 Bxf3 12. Bxf3 O-O 13. Nd2 Qe7 14. Nc4 Bc7 15. a4 Rfd8 16. Ba3 Qe6 17. Qc3 Qxh3 18. Bg2 Qh5 19. f3 Qg5 20. Kf2 Nh5 21. g4 Nf4 22. Rh1 b5 23. Ne3 Bb6 24. Bf1 Bd4 25. Qe1 Nf6 26. Rd1 Bxe3+ 0-1

[Event "FRA-chT 9900"]
[Site "?"]
[Date "2000.02.05"]
[Round "2.1"]
[White "Pigusov Evgeny"]
[Black "Gurevich Mikhail"]
[Result "1/2-1/2"]
[WhiteElo "2610"]
[BlackElo "2694"]
[PlyCount "108"]
[EventDate "2000.??.??"]
[Source "www.chesslib.no"]
[SourceDate "2004.05.04"]

1. Nf3 d5 2. g3 c6 3. Bg2 Bg4 4. c4 e6 5. cxd5 Bxf3 6. Bxf3 cxd5 7. O-O Nc6 8. d3 Nf6 9. Nc3 Be7 10. Bg2 O-O 11. Bd2 Qb6 12. Rb1 a6 13. Na4 Qa7 14. Rc1 Rac8 15. a3 b5 16. Nc3 b4 17. axb4 Bxb4 18. e4 dxe4 19. Be3 Qb8 20. dxe4 Ne5 21. Qe2 Nc4 22. Bf4 Bd6 23. Bxd6 Qxd6 24. Rc2 Rfd8 25. Rfc1 Ne5 26. Ra1 Nfd7 27. Rxa6 Qb8 28. Nd1 Rxc2 29. Qxc2 Rc8 30. Qd2 Nc5 31. Ra2 Nc4 32. Qe2 Nb3 33. Ra4 Ne5 34. Nc3 Nc5 35. Ra1 Ned3 36. Rd1 Qxb2 37. Qxb2 Nxb2 38. Rb1 Nc4 39. Bf1 Nd2 40. Rb2 Ncxe4 41. Nxe4 Nxe4 42. Kg2 g5 43. Be2 Kg7 44. Rb4 Nf6 45. h4 h6 46. hxg5 hxg5 47. Rb5 Kg6 48. Bd3+ Kh6 49. Rb7 Kg7 50. Rb5 g4 51. Be2 Kh6 52. Rb4 Kg5 53. Rb7 Rc2 54. Bf1 Nd5 1/2-1/2

[Event "Eupen active"]
[Site "?"]
[Date "1994.??.??"]
[Round "?"]
[White "Vaganian, Rafael A"]
[Black "Khalifman, Alexander V"]
[Result "1/2-1/2"]
[WhiteElo "2625"]
[BlackElo "2660"]
[PlyCount "71"]
[EventDate "1994.??.??"]
[Source "www.chesslib.no"]
[SourceDate "2004.05.04"]

1. Nf3 d5 2. g3 c6 3. Bg2 Bg4 4. O-O Nd7 5. d3 Ngf6 6. Nbd2 e5 7. e4 Bd6 8. h3 Bh5 9. exd5 cxd5 10. c4 O-O 11. cxd5 Nxd5 12. Qb3 N5b6 13. Ne4 Be7 14. a4 Kh8 15. a5 f5 16. Neg5 Nc5 17. Qc3 Nd5 18. Qc4 e4 19. dxe4 fxe4 20. Nd4 Rc8 21. h4 h6 22. Bh3 Rc7 23. Nb5 hxg5 24. Nxc7 Nxc7 25. Bxg5 Bf7 26. Qxc5 Bxc5 27. Bxd8 Rxd8 28. Rac1 Na6 29. Rfd1 Rd3 30. Bf5 Bxf2+ 31. Kf1 g6 32. Rxd3 exd3 33. Bxg6 d2 34. Rd1 Bxg6 35. Kxf2 Nc5 36. b4 1/2-1/2

[Event "Tilburg"]
[Site "?"]
[Date "1994.??.??"]
[Round "?"]
[White "Vaganian, R."]
[Black "Sokolov, I."]
[Result "0-1"]
[WhiteElo "2645"]
[BlackElo "2625"]
[PlyCount "85"]
[EventDate "1994.??.??"]
[Source "ChessBase"]
[SourceDate "1994.06.01"]

1. Nf3 d5 2. g3 c6 3. Bg2 Bg4 4. O-O Nd7 5. d3 e6 6. Nbd2 Bd6 7. b3 Ne7 8. Bb2 O-O 9. c4 a5 10. a3 e5 11. cxd5 cxd5 12. h3 Bh5 13. g4 Bg6 14. Nh4 Nc5 15. Ndf3 d4 16. Rc1 Ne6 17. e3 dxe3 18. fxe3 Qb6 19. d4 Rad8 20. Nxg6 Nxg6 21. Qc2 exd4 22. Nxd4 Nxd4 23. Bxd4 Qa6 24. Rf5 Bxa3 25. Rcf1 Ne7 26. Rh5 g6 27. Re5 Bd6 28. Re4 Nd5 29. g5 Qb5 30. Ba1 Rc8 31. Rc4 Rxc4 32. bxc4 Nxe3 33. Qc3 Qe5 34. Qxe5 Bxe5 35. Bxe5 Nxf1 36. Kxf1 Re8 37. Bd4 Re7 38. Kf2 a4 39. Bb2 h6 40. h4 hxg5 41. hxg5 Rc7 42. Bd5 Rd7 43. Be4 0-1

[Event "Europa ch 2008"]
[Site "Plovdiv BUL"]
[Date "2008.04.29"]
[Round "8.8"]
[White "Markowski, Tomasz"]
[Black "Efimenko, Zahar"]
[Result "0-1"]
[WhiteElo "2598"]
[BlackElo "2660"]
[PlyCount "122"]
[EventDate "2008.04.21"]
[Source "www.chesslib.no"]
[SourceDate "2004.05.04"]

1. g3 Nf6 2. Bg2 d5 3. Nf3 g6 4. b3 Bg7 5. Bb2 O-O 6. O-O b6 7. c4 e6 8. cxd5 exd5 9. d3 c5 10. Nbd2 Re8 11. Re1 Nc6 12. a3 Bb7 13. e3 a5 14. Qc2 Rc8 15. Rac1 d4 16. e4 Ba6 17. Bh3 Rc7 18. Nc4 b5 19. Ncd2 Bf8 20. Qb1 Nd7 21. Bf1 Bh6 22. Rcd1 Nb6 23. Ba1 a4 24. b4 cxb4 25. axb4 Qd6 26. Rc1 Rce7 27. Rxc6 Qxc6 28. Nxd4 Qd7 29. N4f3 Bg7 30. Bxg7 Kxg7 31. Qb2+ Kg8 32. d4 Nc4 33. Bxc4 bxc4 34. Qc3 Bb7 35. Ne5 Rxe5 36. dxe5 Qd3 37. Rc1 Qxc3 38. Rxc3 Rd8 39. Nxc4 Rc8 40. f3 Ba6 41. Ra3 Bxc4 42. Rxa4 Rb8 43. Kf2 Bb3 44. Ra1 Rxb4 45. Rb1 Rb5 46. Ke3 Bc4 47. Rxb5 Bxb5 48. f4 Bd7 49. Kf3 h5 50. Ke3 Kf8 51. Kd4 Ke7 52. h4 Ke6 53. Kc5 Ba4 54. Kd4 Bc2 55. Ke3 Kd7 56. Kd4 Kc6 57. Ke3 Kc5 58. g4 hxg4 59. f5 gxf5 60. h5 f4+ 61. Kxf4 Kd4 0-1

[Event "TCh-IRI"]
[Site "?"]
[Date "2005.06.09"]
[Round "3"]
[White "Petrosian Tigran L"]
[Black "Ghaem Maghami Ehsan"]
[Result "1/2-1/2"]
[WhiteElo "2599"]
[BlackElo "2632"]
[PlyCount "44"]
[EventDate "2005.??.??"]
[Source "www.chesslib.no"]
[SourceDate "2004.05.04"]

1. Nf3 Nf6 2. g3 d5 3. Bg2 c6 4. O-O Bf5 5. d3 h6 6. Nbd2 e6 7. b3 Be7 8. Bb2 O-O 9. Re1 Bh7 10. e4 a5 11. a3 Nbd7 12. Qe2 Nc5 13. Ne5 Ncd7 14. Ndf3 Re8 15. Nxf7 Kxf7 16. e5 Ng8 17. Nd4 Bc5 18. Qf3+ Ke7 19. Qg4 Kf7 20. Qf4+ Ke7 21. Qg4 Kf7 22. Qf4+ Ke7 1/2-1/2

[Event "Yerevan"]
[Site "?"]
[Date "1996.??.??"]
[Round "?"]
[White "Minasian, Art"]
[Black "Hracek, Z."]
[Result "0-1"]
[WhiteElo "2580"]
[BlackElo "2650"]
[PlyCount "99"]
[EventDate "1996.??.??"]
[Source "ChessBase"]
[SourceDate "1996.02.01"]

1. b3 d5 2. Bb2 Bg4 3. g3 e6 4. Bg2 Nf6 5. Nf3 Nbd7 6. O-O c6 7. d4 Bd6 8. Nbd2 Qe7 9. c4 O-O 10. Ne5 Bf5 11. c5 Bc7 12. b4 Rfd8 13. Qb3 Nxe5 14. dxe5 Nd7 15. Qe3 a5 16. a3 b6 17. Bd4 bxc5 18. bxc5 a4 19. f4 Ra5 20. Rac1 Rb5 21. h3 Ba5 22. g4 Bxd2 23. Qxd2 Be4 24. Bxe4 dxe4 25. Qc2 Rb3 26. e3 Qh4 27. Qxe4 Qg3+ 28. Qg2 Qxg2+ 29. Kxg2 Rxa3 30. Ra1 Rxa1 31. Rxa1 Ra8 32. Kf3 a3 33. Ke4 f6 34. Kd3 fxe5 35. fxe5 Kf7 36. Kc3 Kg6 37. Kb3 a2 38. h4 h5 39. gxh5+ Kxh5 40. Kc4 Kxh4 41. Kd3 g5 42. Ke2 Kg4 43. Kd3 Kf3 44. Rf1+ Kg2 45. Ra1 Ra4 46. e4 g4 47. Ke3 g3 48. Rc1 Kh2 49. Ba1 g2 50. Kf2 0-1

[Event "Nussloch"]
[Site "Nussloch"]
[Date "1996.??.??"]
[Round "11"]
[White "Hickl, Joerg"]
[Black "Hracek, Zbynek"]
[Result "1/2-1/2"]
[WhiteElo "2580"]
[BlackElo "2650"]
[PlyCount "72"]
[EventDate "1996.05.??"]
[Source "ChessBase"]

1. g3 d5 2. Bg2 Nf6 3. Nf3 c6 4. b3 Bf5 5. d3 h6 6. Bb2 e6 7. Nbd2 Nbd7 8. O-O Bc5 9. a3 a5 10. e4 Bh7 11. Qe2 O-O 12. c4 Kh8 13. h3 Re8 14. e5 Ng8 15. Rfe1 Bf8 16. d4 Ne7 17. c5 b6 18. b4 Qc7 19. Bc3 Reb8 20. h4 Nc8 21. Qe3 Na7 22. Bf1 Nb5 23. Bb2 Be7 24. Rec1 axb4 25. axb4 bxc5 26. bxc5 Bf5 27. Bd3 Bxd3 28. Qxd3 Qc8 29. Kg2 Rxa1 30. Rxa1 Ra8 31. Qb1 Kg8 32. Nb3 Ra6 33. Nc1 Qa8 34. Nd3 Rxa1 35. Qxa1 Qxa1 36. Bxa1 f6 1/2-1/2

[Event "Corr"]
[Site "?"]
[Date "1999.??.??"]
[Round "?"]
[White "Alvarez Roberto Gabriel"]
[Black "Morgado Juan Sebastian"]
[Result "1/2-1/2"]
[WhiteElo "2605"]
[BlackElo "2618"]
[PlyCount "103"]
[EventDate "1999.??.??"]
[Source "www.chesslib.no"]
[SourceDate "2004.05.04"]

1. Nf3 d5 2. g3 Bg4 3. Bg2 c6 4. b3 Nd7 5. Bb2 e6 6. d3 Ngf6 7. Nbd2 a5 8. a3 Qb6 9. O-O a4 10. b4 c5 11. c3 Be7 12. h3 Bh5 13. Rb1 Qc7 14. bxc5 Bxc5 15. c4 O-O 16. cxd5 Nxd5 17. e4 N5f6 18. d4 Be7 19. Qe2 Rfc8 20. Rfe1 h6 21. Qb5 Ra5 22. Qd3 Ra6 23. Bf1 Bg6 24. Qe3 Rb6 25. Bd3 Qd8 26. Qe2 Bh7 27. Qf1 Ne8 28. Bb5 Ra8 29. Bd3 Rc8 30. Bb5 Ra8 31. Qe2 Bf8 32. Bc3 Ndf6 33. Ne5 Nd6 34. Bd3 Rxb1 35. Rxb1 Rc8 36. Bb4 b5 37. Bc5 Nc4 38. Nexc4 bxc4 39. Nxc4 Bxc5 40. dxc5 Rxc5 41. Rb4 Bg6 42. Kh2 Qc7 43. Qc2 h5 44. Qxa4 Kh7 45. Qa8 Nxe4 46. Bxe4 Rxc4 47. Rxc4 Qxc4 48. Bxg6+ Kxg6 49. h4 e5 50. Qa7 e4 51. Qe3 f6 52. Kg2 1/2-1/2

[Event "Camp. svizzero a sq. - Riehen-Zürich"]
[Site "Schweiz"]
[Date "2008.03.30"]
[Round "2.3"]
[White "Hickl, Joerg"]
[Black "Kortschnoj, Viktor"]
[Result "1/2-1/2"]
[WhiteElo "2598"]
[BlackElo "2624"]
[PlyCount "97"]
[EventDate "2008.03.02"]
[Source "www.chesslib.no"]
[SourceDate "2004.05.04"]

1. g3 d5 2. Nf3 g6 3. c4 c6 4. Qa4 Nd7 5. cxd5 cxd5 6. Nc3 Ngf6 7. d4 Bg7 8. Bg2 O-O 9. O-O Nb6 10. Qb3 Bd7 11. Ne5 Bc6 12. Rd1 e6 13. Bg5 h6 14. Bf4 g5 15. Bd2 Nfd7 16. Nxd7 Qxd7 17. Be1 f5 18. a4 Kh8 19. Qc2 Rac8 20. b3 Qe8 21. Qd3 a6 22. Na2 Nd7 23. Bb4 Rf7 24. Bd6 Nf8 25. Nb4 Ng6 26. Rac1 a5 27. Nxc6 Rxc6 28. Ba3 Rfc7 29. e3 Bf8 30. Rxc6 Rxc6 31. Bc5 Bxc5 32. dxc5 Kh7 33. Qb5 Qc8 34. Qxa5 Rxc5 35. Qd2 Ne5 36. h3 Qc7 37. Qd4 Rc3 38. b4 Rc4 39. Qb2 Qg7 40. Rb1 f4 41. a5 Qg6 42. b5 Nd3 43. Qa3 Nxf2 44. Qe7+ Kg8 45. Ra1 fxg3 46. a6 bxa6 47. bxa6 Qf5 48. Qe8+ Kg7 49. Qe7+ 1/2-1/2

[Event "Kladovo"]
[Site "Kladovo"]
[Date "2001.08.18"]
[Round "6"]
[White "Ruck, Robert"]
[Black "Crisan, Alexandru"]
[Result "1/2-1/2"]
[WhiteElo "2573"]
[BlackElo "2635"]
[PlyCount "25"]
[EventDate "2001.08.13"]
[Source "ChessBase"]
[SourceDate "2001.09.11"]

1. Nf3 Nf6 2. g3 d5 3. Bg2 Bg4 4. O-O e6 5. d4 Nbd7 6. Nbd2 Be7 7. Re1 O-O 8. e4 dxe4 9. Nxe4 Nxe4 10. Rxe4 Nf6 11. Re1 c5 12. c3 Rc8 13. Qa4 1/2-1/2

[Event "Jakarta"]
[Site "?"]
[Date "1996.??.??"]
[Round "?"]
[White "Hickl, J."]
[Black "Gurevich, M."]
[Result "0-1"]
[WhiteElo "2600"]
[BlackElo "2605"]
[PlyCount "120"]
[EventDate "1996.??.??"]
[Source "ChessBase"]
[SourceDate "1996.10.01"]

1. g3 d5 2. Bg2 c6 3. Nf3 Bg4 4. b3 Nd7 5. Bb2 Ngf6 6. O-O e6 7. d3 Bd6 8. Nbd2 O-O 9. c4 Re8 10. Qc2 e5 11. e4 dxe4 12. dxe4 a5 13. Nh4 Bc5 14. h3 Bh5 15. Nf5 Qb6 16. Rae1 Rad8 17. Nb1 Bb4 18. Re3 Nf8 19. Rd3 Rxd3 20. Qxd3 N6d7 21. Na3 Rd8 22. Bc1 Ne6 23. g4 Bg6 24. Nc2 Bc5 25. Qg3 Qc7 26. a3 Nf4 27. Re1 Nf6 28. Bf1 Qb6 29. Qf3 Ne6 30. Kg2 Nd7 31. Rd1 Ndf8 32. Rxd8 Qxd8 33. b4 axb4 34. axb4 Be7 35. Qd3 Qc7 36. Nxe7+ Qxe7 37. c5 Nf4+ 38. Bxf4 exf4 39. f3 Qh4 40. Kg1 h5 41. Qd2 Ne6 42. Qf2 Qf6 43. Ne1 Qc3 44. Nd3 Nd4 45. Kh1 hxg4 46. hxg4 f6 47. Nxf4 Bf7 48. Kg2 Nc2 49. Nh3 Ne3+ 50. Kh2 g5 51. Be2 Be6 52. Qg3 Qxb4 53. Qd6 Kf7 54. Qc7+ Kg6 55. e5 Qb2 56. Ng1 Qxe5+ 57. Qxe5 fxe5 58. Kg3 Kf6 59. Kf2 Nd5 60. Bd1 Nf4 0-1